Normal view
MARC view
- Iyengar Aarti - 2K101071 & Prof. Geeta Jadhav - Guide
Entry Personal Name
001 - CONTROL NUMBER
- control field: 101953
003 - CONTROL NUMBER IDENTIFIER
- control field: OSt
005 - DATE AND TIME OF LATEST TRANSACTION
- control field: 20221007215906.0
008 - FIXED-LENGTH DATA ELEMENTS
- fixed length control field: 221007|| aca||aabn | a|a d
040 ## - CATALOGING SOURCE
- Original cataloging agency: OSt
- Transcribing agency: OSt
100 ## - HEADING--PERSONAL NAME
- Personal name: Iyengar Aarti - 2K101071 & Prof. Geeta Jadhav - Guide
670 ## - SOURCE DATA FOUND
- Source citation: Work cat.: (OSt)69108: Iyengar Aarti - 2K101071 & Prof. Geeta Jadhav - Guide, Attrition Analysis, 2012